<?xml version="1.0" encoding="UTF-8"?>
<collection xmlns="http://www.loc.gov/MARC21/slim">
<record>
  <controlfield tag="001">171710</controlfield>
  <controlfield tag="005">20260603094405.0</controlfield>
  <datafield tag="020" ind1=" " ind2=" ">
    <subfield code="a">978-84-09-74896-9</subfield>
  </datafield>
  <datafield tag="037" ind1=" " ind2=" ">
    <subfield code="a">BOOK-2026-298</subfield>
  </datafield>
  <datafield tag="041" ind1=" " ind2=" ">
    <subfield code="a">spa</subfield>
  </datafield>
  <datafield tag="100" ind1=" " ind2=" ">
    <subfield code="a">Ros Mendoza, Luis H.</subfield>
    <subfield code="b"></subfield>
  </datafield>
  <datafield tag="245" ind1=" " ind2=" ">
    <subfield code="a">200 Personajes ilustres de la radiología</subfield>
  </datafield>
  <datafield tag="260" ind1=" " ind2=" ">
    <subfield code="a">Zaragoza</subfield>
    <subfield code="b">Luis H. Ros Mendoza</subfield>
    <subfield code="c">2025</subfield>
  </datafield>
  <datafield tag="300" ind1=" " ind2=" ">
    <subfield code="a">446</subfield>
  </datafield>
  <datafield tag="520" ind1=" " ind2=" ">
    <subfield code="a">El presente libro está basado en una serie de cortas biografías de radiólogos ilustres ya fallecidos que, mes a mes desde el año 2009, he ido escribiendo y publicando en el boletín electrónico del Colegio Interamericano de Radiología, NotiCIR, a iniciativa de su editor fundador. Es por lo tanto un trabajo de compilación, que va precedido de una serie preliminar de semblanzas de otros galenos también ilustres, pioneros de la medicina, que a través de los tiempos posibilitaron la evolución hasta el concepto de orientación anatomoclínica de la misma, a raíz del cual se hizo posible el milagro de la transiluminación acaecido en noviembre de 1895 con el descubrimiento de los rayos X. Personaje a personaje, en orden cronológico, asistimos a los hitos más relevantes de la radiología, reflejando también en este devenir histórico la evolución de esta nueva disciplina en nuestro país.</subfield>
  </datafield>
  <datafield tag="856" ind1="0" ind2=" ">
    <subfield code="f">lplumed@unizar.es</subfield>
  </datafield>
  <datafield tag="856" ind1="4" ind2=" ">
    <subfield code="u">http://zaguan.unizar.es/record/171710/files/BOOK-2026-298.pdf</subfield>
    <subfield code="z">Texto completo</subfield>
  </datafield>
  <datafield tag="909" ind1="C" ind2="O">
    <subfield code="o">oai:zaguan.unizar.es:171710</subfield>
    <subfield code="p">books</subfield>
  </datafield>
  <datafield tag="773" ind1=" " ind2=" ">
    <subfield code="t"></subfield>
  </datafield>
  <datafield tag="540" ind1=" " ind2=" ">
    <subfield code="9">info:eu-repo/semantics/openAccess</subfield>
  </datafield>
  <datafield tag="506" ind1=" " ind2=" ">
    <subfield code="a">by-nc-sa</subfield>
  </datafield>
  <datafield tag="980" ind1=" " ind2=" ">
    <subfield code="a">BOOK</subfield>
    <subfield code="b">MONOGRAFIAS</subfield>
    <subfield code="b"></subfield>
  </datafield>
</record>
</collection>